| 000 | 00914nam a2200313 b 4500 | ||
|---|---|---|---|
| 001 | 05351 | ||
| 003 | DO-SdBNP | ||
| 005 | 20240522085817.0 | ||
| 007 | 05351 | ||
| 008 | 070731s2000 sp | ||spa | ||
| 015 | _a | ||
| 017 |
_a _b |
||
| 020 | _a8425334454 | ||
| 035 | _a | ||
| 040 |
_aBPMSU _bspa _cBPMSU _e |
||
| 082 | 4 |
_a853.91 _bP224p 2000 _222 |
|
| 100 | 1 |
_aParazzoli, Ferruccio _d1935 - |
|
| 245 | 1 | 3 |
_aEl príncipe Siddharta : _blas cuatro verdades / _cFerruccio Parazzoli, Patricia Chendi ; traducción Juan Vivanco. _h |
| 250 | _a | ||
| 260 |
_aBarcelona : _bGrijalbo Mondadori, _c2000. |
||
| 300 |
_a262 p. : _c24 cm |
||
| 534 |
_aTítulo original : _t Siddharta. Le quattro veritá |
||
| 590 | _aInventariado, 2023/VM | ||
| 650 | 4 | _aNovela italiana | |
| 700 | 1 | _aChendi, Patricia, | |
| 700 | 1 | 2 |
_aVivanco, Juan, _etr. |
| 910 | _aVMateo V. Control de calidad. BPMSU | ||
| 942 |
_2ddc _cBK |
||
| 999 |
_c10264 _d10264 |
||